000 00424 a2200145 4500
020 _a0-619-04416-0
040 _aLibrary of Congress
_bEnglish
082 _a658.84
100 1 _aSchneider, Gary P.
245 0 0 _aNew perspectives on e-commerce
_cGary P. Schneider
260 _aCambridge, Mass. :
_bCourse Technology,
_ccop. 2002
300 _a[464] s. :
_bill.
650 7 _aElectronic commerce
942 _cBK
_k658.84 SCH
_2ddc
999 _c8711
_d8711